Tool: Albums by Cover - Statistics

General Stats
  • This quiz has been taken 41 times
  • The average score is 4 of 5
Answer Stats
Picture Hint Answer % Correct
1993 Undertow
94%
2006 10,000 Days
92%
2001 Lateralus
89%
1996 Ænima
83%
2019 Fear Inoculum
83%
No matching quizzes found
Score Distribution
Percent of People with Each Score
Percentile by Number Answered
Your Score History
You have not taken this quiz